MARC

LEADER 00000nam0a2200000 4500
001 678130
005 20250114144137.0
090 |a 678130 
100 |a 20250114d1979 km|y0rusy50 ca 
101 0 |a rus 
102 |a RU 
105 |a a z 001yy 
181 0 |a i   |b  e  
182 0 |a n 
183 0 |a nc  |2 RDAcarrier 
200 1 |a Управление сбытом в машиностроении  |f И. Сонин, А. А. Якоби 
203 |a Текст  |b визуальный  |c непосредственный 
210 |a Москва  |c Машиностроение  |d 1979 
215 |a 136 с.  |c ил. 
283 |a volume  |2 RDAcarrier 
320 |a Список литературы: с. 135 
606 1 |a Машиностроительная продукция  |x Сбыт  |9 61305 
610 1 |a предприятия 
610 1 |a объединения 
610 1 |a сбытовая деятельность 
610 1 |a службы сбыта 
610 1 |a поставки 
610 1 |a планирование 
610 1 |a контроль 
675 |a 621.002:658  |v 4 
700 1 |a Сонин  |b И. Е.  |g Исидор Евгеньевич 
701 1 |a Якоби  |b А. А.  |g Анатолий Альфредович 
801 0 |a RU  |b 63413507  |c 20250114 
830 |a Ретро2025Каталогизация Шило 
850 |a 63413507 
942 |c BK